|
|
|
|
| LEADER |
01234nam a22002417i 4500 |
| 003 |
GR-PaULI |
| 005 |
20210117210314.0 |
| 008 |
170201m1978uuuugr ||||f b||| 000 0 gre d |
| 040 |
|
|
|a GR-PaULI
|b gre
|c GR-PaULI
|e AACR2
|
| 082 |
0 |
4 |
|a 182
|2 23
|
| 100 |
1 |
|
|a Μουτσόπουλος, Ευάγγελος Α.,
|d 1930-
|e συγγραφέας
|9 28757
|
| 245 |
1 |
2 |
|a Η προσωκρατική διανόησις
|b (από του μύθου εις τον λόγον /
|c Ε. Μουτσόπουλου.
|
| 246 |
|
|
|i Τίτλος τόμου:
|a Ιστορία της φιλοσοφίας, τεύχος πρώτον: Ελλάς.
|
| 260 |
|
|
|a Αθήναι :
|b Εκδόσεις Γρηγόρη,
|c 1978-
|
| 300 |
|
|
|a τ. σ. ;
|c 24 εκ.
|
| 500 |
|
|
|a τ. 1. 79 σ. - 1978 --
|
| 504 |
|
|
|6 Περιλαμβάνει βιβλιογραφία.
|
| 505 |
1 |
|
|a τ. 1. Ιστορία της φιλοσοφίας, τεύχος πρώτον: Ελλάς --
|
| 650 |
|
4 |
|9 366
|a Προσωκρατικοί
|
| 942 |
|
|
|2 ddc
|c BK15
|
| 952 |
|
|
|0 0
|1 0
|2 ddc
|4 0
|6 182_000000000000000_ΜΟΥ
|7 0
|9 209490
|a PHIL
|b PHIL
|d 2017-02-02
|i 11724
|l 0
|o 182 ΜΟΥ
|p 025000242941
|r 2017-02-02 00:00:00
|t 1
|v 2017.00
|w 2017-02-02
|y BK15
|
| 998 |
|
|
|c ΚΑΝΕΛΛΟΠΟΥΛΟΥ
|d 2017-02
|
| 999 |
|
|
|c 127469
|d 127469
|